| 000 | 00585nam a2200157 a 4500 | ||
|---|---|---|---|
| 001 | 000039678 | ||
| 005 | 20201002033656.0 | ||
| 008 | 130715s2008 dr ad 000 0 spa d | ||
| 040 |
_aDO-SdBNP _bspa _cBNPHU |
||
| 082 | _axxx | ||
| 100 | 1 |
_aOrtíz, Marina _910383 |
|
| 245 | 1 | 0 |
_aOferta exportable de las pequeñas empresas en el sector de alimentos en la República Dominicana / _cMarina Ortíz, Rita Mena. |
| 260 |
_aSanto Domingo : _bOficina del Ordenador Nacional para los Fondos Europeos (ONFED), _c2008. |
||
| 300 |
_a150 p. : _bil., diagrs. ; _c26 cm. |
||
| 700 |
_aMena, Rita _965722 |
||
| 999 |
_c39168 _d39168 |
||